Sports Quiz

Random Sports Quiz

Pundit Arena Daily Sports Quiz Challenge – Day 360 Stats

 Plays Quiz not verified by Sporcle

Support Sporcle.
Go Orange.
Score 0/20 Timer 05:00
0 Plays Today
Hint Answer % Correct
Spanish club Ruud van Nistelrooy joined after leaving Manchester UnitedReal Madrid
87.9%
NFL team based in ChicagoBears
78.9%
Current Everton club captainSeamus Coleman
77.8%
Championship club nicknamed 'The Bluebirds'Cardiff City
73.4%
2003/04 Champions League winnersFC Porto
72.2%
1999 Rugby World Cup winnersAustralia
70.3%
Most goals and assists in Premier League this seasonHarry Kane
67.3%
Spinner with 708 Test wickets for AustraliaShane Warne
57.9%
MLS team based in SeattleSounders
54.7%
2005 All-Ireland hurling championsCork
50.3%
Hint Answer % Correct
All Black with the most caps for New Zealand (131)Richie McCaw
50.3%
Irish province who play their home games at Thomond ParkMunster
47.6%
Currently wears no. 2 at Tottenham HotspurMatt Doherty
35.2%
2020 Ulster SFC winnersCavan
32%
Bradford City play their home games at this groundValley Parade
28.3%
MLB team based in San FranciscoGiants
24.4%
Cavan golfer who finished tied-second on the LPGA Tour last weekLeona Maguire
17.3%
Golfer who won the 2010 US OpenGraeme McDowell
15%
Current Sheffield Wednesday managerDarren Moore
14.9%
Jordan Henderson had a loan spell here in 2009Coventry City
11.7%

You're not logged in!

Compare scores with friends on all Sporcle quizzes.
OR
Log In

From the Vault

Double Letter Shakespeare Plays

by teedslaststand

Making a Shakespeare pun has its prose and cons.
Remove Ads.
Support Sporcle.
Get the best of Sporcle when you Go Orange. This ad-free experience offers more features, more stats, and more fun while also helping to support Sporcle. Thank you for becoming a member.

Show Comments

Extras

Created Apr 22, 2021ReportNominate
Tags:360, arena, challenge, Daily, pundit

Top Quizzes Today


Score Distribution

Your Account Isn't Verified!

In order to create a playlist on Sporcle, you need to verify the email address you used during registration. Go to your Sporcle Settings to finish the process.

Report this User

Report this user for behavior that violates our Community Guidelines.

Details: